La nueva gestión pública
Guardat en:
| Autor principal: | |
|---|---|
| Format: | Llibre |
| Idioma: | espanyol |
| Publicat: |
Madrid
Prentice Hall
2001
|
| Matèries: | |
| Etiquetes: |
Afegir etiqueta
Sense etiquetes, Sigues el primer a etiquetar aquest registre!
|
MARC
| LEADER | 00000nam a2200000 a 4500 | ||
|---|---|---|---|
| 001 | UCM5431 | ||
| 003 | CL-VaPUC | ||
| 008 | 021011e20010000SP |||||||||||||||||spa|d | ||
| 082 | 0 | 4 | |a 351 |b OLI |2 21 |
| 100 | |a Olías de Lima Gete, Blanca |e autora |9 471649 | ||
| 245 | 1 | 3 | |a La nueva gestión pública |
| 300 | |a 401 p | ||
| 942 | |c BK | ||
| 945 | |d 20021011 00:00:00 |a vberengu | ||
| 260 | |a Madrid |b Prentice Hall |c 2001 | ||
| 650 | 0 | |a Gestión pública |9 388888 | |
| 650 | 0 | |a Administración pública |9 255343 | |
| 583 | |a last modification |c 20021011 00:00:00 |k Rodrigo Vera | ||
| 999 | |c 301497 |d 301495 | ||
| 952 | |0 0 |1 0 |4 0 |6 351_000000000000000_OLI_2001 |7 0 |8 A |9 360538 |a BIBENE |b BIBENE |d 2019-11-21 |i 3844056 |o 351 OLI 2001 |p 3844056 |r 2025-01-15 |w 2019-11-21 |y BK |k ICO | ||
| 952 | |0 0 |1 0 |4 0 |6 351_000000000000000_OLI_2001 |7 0 |8 A |9 360539 |a BIBENE |b BIBENE |d 2019-11-21 |i 3859916 |o 351 OLI 2001 |p 3859916 |r 2025-01-15 |w 2019-11-21 |y BK |k ICO | ||